|
|
|
|
| LEADER |
01180nam a2200289 a 4500 |
| 001 |
2361 |
| 003 |
BD-DhAAL |
| 005 |
20150314115827.0 |
| 008 |
150314s1995 nyuab b 001 0 eng |
| 010 |
|
|
|a 94022961
|
| 020 |
|
|
|a 0471310352 (cloth : acidfree paper)
|
| 040 |
|
|
|a DLC
|c DLC
|d DLC
|d BD-DhAAL
|
| 050 |
0 |
0 |
|a TX911.3.M27
|b P68 1995
|
| 082 |
0 |
0 |
|a 647.94/068
|2 20
|
| 100 |
1 |
|
|a Powers, Thomas F.
|9 9549
|
| 245 |
1 |
0 |
|a Introduction to management in the hospitality industry /
|c Tom Powers.
|
| 250 |
|
|
|a 5th ed.
|
| 260 |
|
|
|a New York :
|b Wiley,
|c c1995.
|
| 300 |
|
|
|a xxi, 590 p. :
|b ill., maps ;
|c 25 cm.
|
| 490 |
|
|
|a Wiley service management series
|
| 504 |
|
|
|a Includes bibliographical references and index.
|
| 541 |
|
|
|e 2361
|
| 650 |
|
0 |
|a Hospitality industry
|x Management.
|9 9550
|
| 942 |
|
|
|2 ddc
|c BK
|
| 999 |
|
|
|c 34013
|d 34013
|
| 952 |
|
|
|0 0
|1 0
|2 ddc
|4 0
|6 647_940680000000000_POW
|7 0
|9 53083
|a SCL
|b SCL
|c GEN
|d 2015-03-14
|e Gift: The Asia Foundation
|l 0
|o 647.94068 POW
|p 3020002361
|r 2015-03-14
|t 1
|w 2015-03-14
|y BK
|
| 952 |
|
|
|0 0
|1 0
|2 ddc
|4 0
|6 647_940680000000000_POW
|7 0
|9 53126
|a SCL
|b SCL
|c GEN
|d 2015-03-15
|e Gift: The Asia Foundation
|l 0
|o 647.94068 POW
|p 3020003020
|r 2015-03-15
|t 2
|w 2015-03-15
|y BK
|